Top 20 Länder nach Einwohner - Statistiken

Allgemein
  • Dieses Quiz wurde 36 mal gespielt
  • Das Durchschnittsergebnis liegt bei 15 aus 20
Antwortstatistiken
Anzahl Einwohner (2022) Länder % Korrekt
1'436'600'000 China
100%
1'417'200'000 Indien
100%
332'800'000 Vereinigte Staaten
100%
144'300'000 Russland
97%
83'300'000 Deutschland
94%
124'900'000 Japan
94%
127'500'000 Mexiko
94%
214'800'000 Brasilien
90%
275'500'000 Indonesien
84%
235'800'000 Pakistan
77%
218'500'000 Nigeria
74%
99'000'000 Demokratische Republik Kongo
71%
103'500'000 Ägypten
65%
85'200'000 Türkei
65%
171'200'000 Bangladesch
55%
67'600'000 Grossbritannien
52%
88'600'000 Iran
52%
123'400'000 Äthiopien
42%
99'400'000 Vietnam
42%
115'600'000 Philippinen
39%
Keine übereinstimmenden Quizze gefunden
Verteilung der Resultate
Anzahl Personen mit jedem Resultat
Perzentil nach korrekt beantworteten Fragen
Ihre Resultats-Entwicklung
Sie haben dieses Quiz noch nicht gespielt